01110nam a2200277 a 4500001001100000003000800011006001900019007001500038008004100053010001700094020002800111040002100139035002000160050002700180082001400207100002300221245011600244260003800360300001700398504006600415533015200481650002800633655002900661710001700690856012500707ebr5003897CaPaEBRm u cr cn|||||||||980109s1998 ctu sb 001 0 eng  z 98010826  z1567201466 (alk. paper) aCaPaEBRcCaPaEBR a(OCoLC)7076904314aHF5548.8b.G397 1998eb04a158.72211 aGellerman, Saul W.10aHow people workh[electronic resource] :bpsychological approaches to management problems /cSaul W. Gellerman. aWestport, Conn. :bQuorum,c1998. axiii, 214 p. aIncludes bibliographical references (p. [207]-209) and index. aElectronic reproduction.bPalo Alto, Calif. :cebrary,d2013.nAvailable via World Wide Web.nAccess may be limited to ebrary affiliated libraries. 0aPsychology, Industrial. 7aElectronic books.2local2 aebrary, Inc.40uhttp://site.ebrary.com/lib/rucke/Doc?id=5003897zAn electronic book accessible through the World Wide Web; click to view